000 00597nam a22002057a 4500
999 _c7717
_d7717
003 OSt
005 20220221111124.0
008 220221b ||||| |||| 00| 0 eng d
020 _a1859962076
040 _cNLM
082 _aQV744 P27m 2001
100 _aPatrick, Graham L
_98528
245 _aMedicinal chemistry.
260 _aOxford, UK :
_b BIOS,
_c 2001
300 _avi, 278 pages :
_b illustrations ;
_c 25 cm
504 _aIncludes bibliographical references and index.
650 _aPharmaceutical chemistry .
_9283
650 _aChemistry, Pharmaceutical.
_91587
942 _2z
_cO_SHELF